Soil dynamics and liquefaction /

Bibliographic Details
Other Authors: Cakmak, A. S. (Ahmet Sefik), 1934-
Format: Book
Language:English
Published: Amsterdam ; Oxford : Elsevier, co-published with Computational Mechanics, 1987.
Series:Developments in geotechnical engineering ; 42.
Subjects:

MARC

Tag First Indicator Second Indicator Subfields
LEADER 00000cam a2200000 a 4500
001 in00000007260
005 20151005060020.0
008 870819s1987 enka b 00000 eng d
010 |z  87-70778 
015 |a GB87-22469 
020 |a 0905451694 :  |c No price : CIP confirmed 
020 |a 0444416625 (series) 
020 |a 0931215579 (U.S.) 
020 |a 0444989587 (Elsevier) 
035 |a (OCoLC)15664432 
035 |9 AAA1743AM 
040 |a UKM  |c UKM  |d TXA  |d UtOrBLW 
049 |a TXAM  |c [A10998286] 
050 4 |a TA710  |b .S586 1987 
082 0 |a 624.1/5136  |2 19 
245 0 0 |a Soil dynamics and liquefaction /  |c edited by A.S. Cakmak. 
264 1 |a Amsterdam ;  |a Oxford :  |b Elsevier, co-published with Computational Mechanics,  |c 1987. 
300 |a 378 pages :  |b illustrations ;  |c 24 cm. 
336 |a text  |b txt  |2 rdacontent 
337 |a unmediated  |b n  |2 rdamedia 
338 |a volume  |b nc  |2 rdacarrier 
490 1 |a Developments in geotechnical engineering ;  |v 42 
504 |a Includes bibliographies. 
650 0 |a Soil dynamics. 
700 1 |a Cakmak, A. S.  |q (Ahmet Sefik),  |d 1934- 
830 0 |a Developments in geotechnical engineering ;  |v 42. 
999 |a MARS 
999 f f |s 3280eddb-a606-3387-826f-632fdb2086f3  |i 2b84f471-1479-3ca7-a89a-12dab5a6e32a  |t 0 
952 f f |p ric  |a Texas A&M University  |b Rellis Campus  |c Joint Library Facility  |d Remote Storage  |t 0  |e TA710 .S586 1987  |h Library of Congress classification  |i unmediated -- volume  |m A14810998286 
998 f f |a TA710 .S586 1987  |t 0  |l Remote Storage